Normal view
MARC view
Entry Personal Name
001 - CONTROL NUMBER
- control field: 30143
003 - CONTROL NUMBER IDENTIFIER
- control field: dpl
005 - DATE AND TIME OF LATEST TRANSACTION
- control field: 20110727114521.0
008 - FIXED-LENGTH DATA ELEMENTS
- fixed length control field: 110727|||a|||||| | ||| d
040 ## - CATALOGING SOURCE
- Original cataloging agency: dpl
- Transcribing agency: dpl
100 ## - HEADING--PERSONAL NAME
- Personal name: Wanger, Paul
670 ## - SOURCE DATA FOUND
- Source citation: Work cat.: (dpl)53973: Wanger, Paul, Hindi Phrasebook :, 2008
670 ## - SOURCE DATA FOUND
- Source citation: Work cat.: (dpl)53973: Wanger, Paul, Hindi Phrasebook :, 2008
